South Eastern Kenya University

Library Online Public Access Catalogue


Planetary encounters / (Record no. 8665)

MARC details
000 -LEADER
fixed length control field 00705pam a2200241 i 4500
001 - CONTROL NUMBER
control field 3209889
003 - CONTROL NUMBER IDENTIFIER
control field OSt
005 - DATE AND TIME OF LATEST TRANSACTION
control field 20150903155000.0
008 - FIXED-LENGTH DATA ELEMENTS--GENERAL INFORMATION
fixed length control field 780615s1978 pauaf b 001 0 eng
010 ## - LIBRARY OF CONGRESS CONTROL NUMBER
LC control number 78016516
020 ## - INTERNATIONAL STANDARD BOOK NUMBER
International Standard Book Number 0811712702 :
Terms of availability $13.95
040 ## - CATALOGING SOURCE
Original cataloging agency SEKU
050 00 - LIBRARY OF CONGRESS CALL NUMBER
Classification number QB 602.9
Item number .P6
100 1# - MAIN ENTRY--PERSONAL NAME
Personal name Powers, Robert M.,
Dates associated with a name 1942-
245 10 - TITLE STATEMENT
Title Planetary encounters /
Statement of responsibility, etc. Robert M. Powers ; original drawings by Helen Zane Jensen.
260 ## - PUBLICATION, DISTRIBUTION, ETC. (IMPRINT)
Place of publication, distribution, etc. Harrisburg, Pa. :
Name of publisher, distributor, etc. Stackpole Books,
Date of publication, distribution, etc. c1978.
300 ## - PHYSICAL DESCRIPTION
Extent 288 p. :
Other physical details ill. (some col.) ;
504 ## - BIBLIOGRAPHY, ETC. NOTE
Bibliography, etc Bibliography: p. 283-284.
650 #0 - SUBJECT ADDED ENTRY--TOPICAL TERM
Topical term or geographic name as entry element Planets
General subdivision Exploration.
650 #0 - SUBJECT ADDED ENTRY--TOPICAL TERM
Topical term or geographic name as entry element Astronautics.
700 1# - ADDED ENTRY--PERSONAL NAME
Personal name Jensen, Helen Zane.
942 ## - ADDED ENTRY ELEMENTS (KOHA)
Source of classification or shelving scheme Library of Congress Classification
Koha item type General circulation
Holdings
Withdrawn status Lost status Source of classification or shelving scheme Damaged status Not for loan Home library Current library Shelving location Date acquired Source of acquisition Total Checkouts Full call number Barcode Date last seen Price effective from Koha item type Public note
    Library of Congress Classification     Wote Campus Library Wote Campus Library General Stacks 03/09/2015 Donation-Books for Africa   QB 602.9 .P6 2015/006995 03/09/2015 03/09/2015 General circulation JCL
Kitui, Kenya.
+254736116989
library@seku.ac.ke